000 00578nam a2200193Ia 4500
003 GCL
008 140319s9999 xx 000 0 ara d
040 _aGCL /
_cGCL
082 0 4 _a155.4
_bك س
100 1 _aعبدالعزيز القوصى
245 1 0 _aكل شىء عن نفسك /
_cعبدالعزيز القوصى
700 1 _aمننجر, وليم
700 1 _aالسيد محمد الفراوى
300 _a82 ص
490 _aسلسلة دراسات سيكولوجية
_v0
650 0 4 _aالشخصية
650 0 4 _aالتوافق النفسى
942 _2ddc
_cBK
999 _c47140
_d47140